000 00531nam a2200193Ia 4500
003 GCL
008 140319s9999 xx 000 0 ara d
040 _aGCL /
_cGCL
082 0 4 _aط
_b813.02
_bهـ ك
100 1 _aنجلاء محفوظ
245 1 0 _aنعمة العقل /
_cنجلاء محفوظ
260 _a[S.N] :
_bسفير ،
_c1991
300 _a16 ص
490 _aسفير 00الكلمة الطيبة
_v0
650 0 4 _aالاطفال
650 0 4 _aالقصص
650 0 4 _aقصص الاطفال
942 _2ddc
_cBK
999 _c57478
_d57478